The right of an accused to confront prosecution witnesses as general principle of legal systems of the world: a comparative analysis

In its prescription of applicable laws, article 21(1)(c) International Criminal Court Statute (‘ICC Statute’) accommodates general principles of laws derivable from national laws of legal systems of the world provided that such general principles are in consonance with the International Criminal Cou...

Ausführliche Beschreibung

Gespeichert in:  
Bibliographische Detailangaben
VerfasserInnen: Tijani, Abdulhakeem Abdulqadir (Verfasst von) ; Aperua-Yusuf, Abdulfatai Esivue (Verfasst von)
Medienart: Elektronisch Aufsatz
Sprache:Englisch
Veröffentlicht: 2015
In: African journal of law and criminology
Jahr: 2015, Band: 5, Heft: 3, Seiten: 159-169
Online-Zugang: Volltext (kostenfrei)
Verfügbarkeit prüfen: HBZ Gateway
Schlagwörter:

MARC

LEADER 00000caa a22000002c 4500
001 1910594164
003 DE-627
005 20250316110440.0
007 cr uuu---uuuuu
008 241202s2015 xx |||||o 00| ||eng c
035 |a (DE-627)1910594164 
035 |a (DE-599)KXP1910594164 
040 |a DE-627  |b ger  |c DE-627  |e rda 
041 |a eng 
084 |a 2,1  |2 ssgn 
100 1 |a Tijani, Abdulhakeem Abdulqadir  |e VerfasserIn  |4 aut 
245 1 4 |a The right of an accused to confront prosecution witnesses as general principle of legal systems of the world  |b a comparative analysis  |c Abdulhakeem Abdulqadir Tijani and Abdulfatai Esivue Aperua-Yusuf 
264 1 |c 2015 
336 |a Text  |b txt  |2 rdacontent 
337 |a Computermedien  |b c  |2 rdamedia 
338 |a Online-Ressource  |b cr  |2 rdacarrier 
520 |a In its prescription of applicable laws, article 21(1)(c) International Criminal Court Statute (‘ICC Statute’) accommodates general principles of laws derivable from national laws of legal systems of the world provided that such general principles are in consonance with the International Criminal Court (‘ICC’)’s enabling instrument and international human rights standards. To this extent, this article assesses some legal systems of the world, notably the common and civil law systems, to determine the extent to which the right of an accused to confrontation (‘RtC’) and the obligation of international criminal tribunals (‘ICTs’) to protect witnesses have been balanced under International Criminal Law (‘ICL’). The rationale for this inquiry is multiple-fold. Firstly, ICTs, in some unique ways, feature mixed legal culture of both legal systems, having been hatched by the international community (‘IC’), which consists of members from the various legal cultures of the world, at one time or the other. Secondly, the ICC’s statute provides that recourse may be had to general principles of legal systems of the world, as a secondary source of applicable laws. Finally, the two legal systems represent the adversarial and inquisitorial features which have instigated the bulk of the debate in this regard, it is imperative therefore that the extent to which the conflicting interests have been applied and interpreted by these distinct legal systems be explored. To execute this task, this article is divided into four (4) parts. Whilst Parts one and two will individually examine the features of the RtC under the common and civil law jurisdictions respectively, Part three will draw comparative comments on both legal systems’ practices on the RtC. Part four will conclude the article and recommend appropriately. The comparative comments reveal that, though, there seems to be some sort of practice on confrontation under civil law jurisdiction, the practice, however, does not, in the estimation of this study, satisfy the obligation to guarantee the RtC under International Human Rights Law, and consequently, ICL. Therefore, this article recommends that ICTs should, in the bid to ensuring the right of an accused to ‘examine’ or ‘have examined’, defer customarily to the general principles on the RtC recognized under common law jurisdictions if the interest of justice is to be seen as the ultimate. 
650 4 |a Human Rights 
650 4 |a Prosecution 
650 4 |a Common Law 
650 4 |a Litigation 
700 1 |a Aperua-Yusuf, Abdulfatai Esivue  |e VerfasserIn  |4 aut 
773 0 8 |i Enthalten in  |t African journal of law and criminology  |d London : Sacha International Academic Journals, 2011  |g 5(2015), 3, Seite 159-169  |h Online-Ressource  |w (DE-627)721995985  |w (DE-600)2676925-6  |w (DE-576)369996933  |x 2045-8525  |7 nnas 
773 1 8 |g volume:5  |g year:2015  |g number:3  |g pages:159-169 
856 4 0 |u https://drive.google.com/file/d/1usPmCzOz_O_H7kIrCieHiCsNSzgXos6b/view  |x Verlag  |z kostenfrei  |3 Volltext  |7 0 
951 |a AR 
ELC |a 1 
LOK |0 000 xxxxxcx a22 zn 4500 
LOK |0 001 4629810587 
LOK |0 003 DE-627 
LOK |0 004 1910594164 
LOK |0 005 20250316110648 
LOK |0 008 241202||||||||||||||||ger||||||| 
LOK |0 040   |a DE-21-110  |c DE-627  |d DE-21-110 
LOK |0 092   |o n 
LOK |0 852   |a DE-21-110 
LOK |0 852 1  |9 00 
LOK |0 939   |a 02-12-24  |b l01 
OAS |a 1 
ORI |a SA-MARC-krimdoka001.raw